000 01825nam a2200517 i 4500
001 30203
003 KOSZ 005
005 20200729143728.0
008 970510s1994 pl a f |000 0 pol
015 _aUWD 1995/1928
020 _a8390098547
035 _a991000016979705066
035 _a(PL-WaBN)b10017124-48omnis_nlop
035 _ab10017124
035 _a(OCoLC)833959958
035 _a(PL)b0000001001712
035 _a(EXLNZ-48OMNIS_NETWORK)9910109387805606
040 _aWA N
_cWA N
_dKOSZ 005/EG
080 _a696
100 1 _aWielogórski, Zbigniew
_eAutor
245 1 0 _aInstalacje, sprzęt, alarmy /
_cZbigniew Wielogórski.
250 _aWyd. 1 rzut 1.
260 _aWarszawa :
_b"Edytor",
_ccop. 1994.
300 _a128 s. :
_brys. ;
_c21 cm.
336 _aTekst
_btxt
_2rdacontent
337 _aBez urządzenia pośredniczącego
_bn
_2rdamedia
338 _aWolumin
_bnc
_2rdacarrier
380 _aKsiążki
388 1 _a1901-2000
388 1 _a1989-2000
490 1 _aEncyklopedia Domowa Zrób to Sam,
_x1231-3181 ;
_vt. 5
500 _aNa okł. podtyt.: instalacje: wodno-kanalizacyjna, gazowa, telefoniczna, rtv, sprzęt elektroniczny, systemy przeciwwłamaniowe. Na s. red. błędny ISBN.
504 _aBibliogr. s. 124.
650 7 _aBudownictwo mieszkaniowe
_2DBN
650 7 _aUrządzenia
_2DBN
650 7 _aObsługa i eksploatacja
_2DBN
650 7 _aInstalacje
_2DBN
650 7 _aRemont
_2DBN
655 7 _aPoradniki
_2DBN
658 _aArchitektura i budownictwo
658 _aInżynieria i technika
830 0 _aEncyklopedia Domowa Zrób to Sam
_vt. 5
856 _uhttp://koha.tu.koszalin.pl/cgi-bin/koha/opac-detail.pl?biblionumber=30203
_yKatalog online BPK
942 _2UKD
_cKS
999 _c30203
_d30203